000 00970njm a22002537a 4500
005 2010083104034.0
007 sd ammalaaahaa
008 100831t xxu||||| |||| 00| 0 hin d
028 _aN. 16087
_bHis Master Voice
028 _aOMC. 9868
_bHis Master Voice
028 _aOMC. 19869
_bHis Master Voice
035 _aGR-106
040 _aSED/VEN
100 _aRay, Juthika
_917670
245 _aJogi mat ja, mat ja, mat ja Part. 1 /
_bby Juthika Ray
246 _aजोगी मत जा, मत जा, मत जा (जुथिका राय)
260 _aDum Dum, India
_bHis Master's Voice,
300 _a1 Sound disc : [GR]
_banalog, 33 1/3 rpm
_c10 in
500 _aBrief record
505 _aSadhan karna chaho re manva (साधन करना चाहो रे मनवा) भाग. 2
650 _2Classical music
_xExcerpts
_zIndia
_917671
942 _2ddc
_cGR
999 _c43242
_d43242